<?xml version="1.0" encoding="UTF-8"?><?xml-stylesheet type="text/xsl" href="static/style.xsl"?><OAI-PMH xmlns="http://www.openarchives.org/OAI/2.0/" xmlns:xsi="http://www.w3.org/2001/XMLSchema-instance" xsi:schemaLocation="http://www.openarchives.org/OAI/2.0/ http://www.openarchives.org/OAI/2.0/OAI-PMH.xsd"><responseDate>2026-06-02T01:32:45Z</responseDate><request verb="GetRecord" identifier="oai:riuma.uma.es:10630/24593" metadataPrefix="marc">https://riuma.uma.es/rest/oai/request</request><GetRecord><record><header><identifier>oai:riuma.uma.es:10630/24593</identifier><datestamp>2026-02-03T11:52:34Z</datestamp><setSpec>com_10630_2254</setSpec><setSpec>col_10630_37959</setSpec></header><metadata><record xmlns="http://www.loc.gov/MARC21/slim" xmlns:dcterms="http://purl.org/dc/terms/" xmlns:doc="http://www.lyncode.com/xoai" xmlns:xsi="http://www.w3.org/2001/XMLSchema-instance" xsi:schemaLocation="http://www.loc.gov/MARC21/slim http://www.loc.gov/standards/marcxml/schema/MARC21slim.xsd">
   <leader>00925njm 22002777a 4500</leader>
   <datafield ind2=" " ind1=" " tag="042">
      <subfield code="a">dc</subfield>
   </datafield>
   <datafield ind2=" " ind1=" " tag="720">
      <subfield code="a">Fernández-Palacios, Sara</subfield>
      <subfield code="e">author</subfield>
   </datafield>
   <datafield ind2=" " ind1=" " tag="720">
      <subfield code="a">Peña-Álvarez, Miriam</subfield>
      <subfield code="e">author</subfield>
   </datafield>
   <datafield ind2=" " ind1=" " tag="720">
      <subfield code="a">Takeda, Y.</subfield>
      <subfield code="e">author</subfield>
   </datafield>
   <datafield ind2=" " ind1=" " tag="720">
      <subfield code="a">Minakata, S.</subfield>
      <subfield code="e">author</subfield>
   </datafield>
   <datafield ind2=" " ind1=" " tag="720">
      <subfield code="a">Moreno-Oliva, María</subfield>
      <subfield code="e">author</subfield>
   </datafield>
   <datafield ind2=" " ind1=" " tag="720">
      <subfield code="a">Ruiz-Delgado, María del Carmen</subfield>
      <subfield code="e">author</subfield>
   </datafield>
   <datafield ind2=" " ind1=" " tag="260">
      <subfield code="c">2022-06-30</subfield>
   </datafield>
   <datafield ind2=" " ind1=" " tag="520">
      <subfield code="a">Organic π-conjugated molecules with mechanochromic luminescence properties have attracted great interest in the last two decades due to their numerous applications in the optoelectronic field, such as sensors, probes and security inks. Materials that modify their colour under pressure are known as piezochromic materials. Usually, this variation is provoked by changes in the molecular structure, for example, crystal-to-amorphous phase transitions, modifications in dihedral angles or bond distances, and intermolecular interactions. The molecule proposed in this study is a TADF (Thermally activated delayed fluorescence) U-shaped molecule composed by two donors and one acceptor (D-A-D) units with a π-conjugated skeleton [1]. It was synthetized as a powder which under different crystallization methods gives rise to different conformers varying the dihedral angle of the bond that links the D and A units. The donors are two phenothiazine units and the acceptor is a dibenzo[a,j]phenazine unit located in the central core. Two different conformers have been analysed: the quasi equatorial - quasi equatorial (denoted as 1R) and the quasi axial - quasi axial (denoted as 1Y). In this project, we study the configurational changes triggering the piezochromic effects combining density functional theory (DFT) calculations with Raman spectroscopy experiments of the 1R and 1Y conformers during heating or in compression via a sapphire anvil cell [2]. Both show pressure and temperature dependence properties. Besides, these changes are reversible meaning that when the stimuli stop they revert to its original conformation. When these molecules are exposed to different ambient (like pressure or temperature variations) they evolved to a third conformer with an intermediate dihedral angle that results in different Raman, emission and absorption behaviour.</subfield>
   </datafield>
   <datafield ind1="8" ind2=" " tag="024">
      <subfield code="a">https://hdl.handle.net/10630/24593</subfield>
   </datafield>
   <datafield tag="653" ind2=" " ind1=" ">
      <subfield code="a">Luminiscencia</subfield>
   </datafield>
   <datafield tag="653" ind2=" " ind1=" ">
      <subfield code="a">Optica electrónica</subfield>
   </datafield>
   <datafield ind2="0" ind1="0" tag="245">
      <subfield code="a">Piezochromic properties of a D-A-D platform: A joint experimental and theoretical perspective</subfield>
   </datafield>
</record>
</metadata></record></GetRecord></OAI-PMH>